Presidents of Burkina Faso by Picture - Statistics

General Stats
  • This quiz has been taken 13 times
  • The average score is 10 of 14
Answer Stats
Picture Hint Answer % Correct
1983-1987 Thomas Sankara
91%
1987-2014 Blaise Compaoré
82%
2022-Present Ibrahim Traoré
82%
2014 Honoré Traoré
73%
1960-1966 Maurice Yaméogo
73%
1982-1983 Jean-Baptiste Ouédraogo
64%
2014-2015 | 2015 Michel Kafando
64%
2022 Paul-Henri Sandaogo Damiba
64%
2015-2022 Roch Marc Christian Kaboré
64%
1966-1980 Sangoulé Lamizana
64%
1980-1982 Saye Zerbo
64%
2014 Yacouba Isaac Zida
64%
2015 Chérif Sy
55%
2015 Gilbert Diendéré
55%
No matching quizzes found
Score Distribution
Percent of People with Each Score
Percentile by Number Answered
Your Score History
You have not taken this quiz